Riadenie podnikov

Saved in:
Bibliographic Details
Main Author: Bezák, Anton
Format: Book
Language:Slovak
Published: Nitra VŠP 1988
Edition:1. vyd.
Tags: Add Tag
No Tags, Be the first to tag this record!

MARC

LEADER 00000nam a2200000 4500
001 c032133
005 20221219092214.6
041 0 |a slo 
044 |a SK 
245 1 0 |a Riadenie podnikov  |c Anton Bezák 
250 |a 1. vyd. 
264 1 |a Nitra  |b VŠP  |c 1988 
300 |a 229 s. 
100 1 |a Bezák, Anton